<?xml version="1.0" encoding="UTF-8"?><?xml-stylesheet type="text/xsl" href="static/style.xsl"?><OAI-PMH xmlns="http://www.openarchives.org/OAI/2.0/" xmlns:xsi="http://www.w3.org/2001/XMLSchema-instance" xsi:schemaLocation="http://www.openarchives.org/OAI/2.0/ http://www.openarchives.org/OAI/2.0/OAI-PMH.xsd"><responseDate>2026-04-26T22:01:47Z</responseDate><request verb="GetRecord" identifier="oai:uvadoc.uva.es:10324/68033" metadataPrefix="marc">https://uvadoc.uva.es/oai/request</request><GetRecord><record><header><identifier>oai:uvadoc.uva.es:10324/68033</identifier><datestamp>2025-03-26T19:45:07Z</datestamp><setSpec>com_10324_1163</setSpec><setSpec>com_10324_931</setSpec><setSpec>com_10324_894</setSpec><setSpec>col_10324_1327</setSpec></header><metadata><record xmlns="http://www.loc.gov/MARC21/slim" xmlns:doc="http://www.lyncode.com/xoai" xmlns:xsi="http://www.w3.org/2001/XMLSchema-instance" xmlns:dcterms="http://purl.org/dc/terms/" xsi:schemaLocation="http://www.loc.gov/MARC21/slim http://www.loc.gov/standards/marcxml/schema/MARC21slim.xsd">
<leader>00925njm 22002777a 4500</leader>
<datafield tag="042" ind1=" " ind2=" ">
<subfield code="a">dc</subfield>
</datafield>
<datafield tag="720" ind1=" " ind2=" ">
<subfield code="a">Alonso Lorenzo, Jaime</subfield>
<subfield code="e">author</subfield>
</datafield>
<datafield tag="260" ind1=" " ind2=" ">
<subfield code="c">2024</subfield>
</datafield>
<datafield tag="520" ind1=" " ind2=" ">
<subfield code="a">El ascenso al solio pontificio de Alessandro Ludovisi (1621-1623) permitió a su familia alcanzar unas altísimas cotas de prestigio y poder. Su sobrino, el cardenal Ludovico Ludovisi, aprovechó esta situación para atesorar una importante colección de pintura contemporánea y escultura antigua, de la que dan cuenta los inventarios levantados de la villa familiar. Tras la muerte del cardenal la colección fue heredada por su hermano Niccolò, quien ocupó diversos cargos en la administración de Felipe IV. Niccolò Ludovisi empleó las obras de arte heredadas para, a través de regalos y envíos, obtener el reconocimiento y la estima del monarca. De este modo, obras de primer nivel de la pintura italiana pasaron a formar parte de las colecciones reales españolas.</subfield>
</datafield>
<datafield tag="024" ind2=" " ind1="8">
<subfield code="a">Notario Sánchez, Álvaro (coord.). Temas de historia del arte: escenarios, contexto y relatos. Ediciones de la Universidad de Castilla-La Mancha, 2024, pp. 23-32</subfield>
</datafield>
<datafield tag="024" ind2=" " ind1="8">
<subfield code="a">978-84-9044-074-2</subfield>
</datafield>
<datafield tag="024" ind2=" " ind1="8">
<subfield code="a">https://uvadoc.uva.es/handle/10324/68033</subfield>
</datafield>
<datafield tag="024" ind2=" " ind1="8">
<subfield code="a">10.18239/jornadas_2024.49.00</subfield>
</datafield>
<datafield tag="245" ind1="0" ind2="0">
<subfield code="a">La colección Ludovisi y su llegada a España</subfield>
</datafield>
</record></metadata></record></GetRecord></OAI-PMH>